000 00420nam a2200181Ia 4500
001 15641
005 20260306170211.0
008 260306t2006||||xx |||||||||||||| ||und||
041 _aESP
082 _a570
_bC97
100 _aCurtis, Helena
_eAUT
245 0 _aBiología
260 _c2006
300 _axxvi, 1496 páginas :, G28, P6, I26
_c28 cm.
650 _aGEN
654 _aCCN
942 _cLIB
_dJUS
_fJUS
_2ddc
_n
999 _c15641
_d15641